|
|
|
|
| LEADER |
00000nam0a2200000 4500 |
| 001 |
275368 |
| 005 |
20231101234821.0 |
| 010 |
|
|
|a 0444424415
|
| 035 |
|
|
|a (RuTPU)RU\TPU\book\298609
|
| 090 |
|
|
|a 275368
|
| 100 |
|
|
|a 20141113d1985 km y0engy50 ba
|
| 101 |
0 |
|
|a rus
|
| 102 |
|
|
|a NL
|
| 105 |
|
|
|a a z 001zy
|
| 200 |
1 |
|
|a Kinetics and chemical technology
|f edited by C. H. Bamford, C. F. H. Tipper, R. G. Compton
|
| 210 |
|
|
|a Amsterdam
|c Elsevier
|d 1985
|
| 215 |
|
|
|a 288 p.
|c il.
|
| 225 |
1 |
|
|a Comprehensive Chemical Kinetics
|v Volume 23
|
| 320 |
|
|
|a Index: p. 283-288
|
| 606 |
1 |
|
|a Химическая кинетика
|2 stltpush
|3 (RuTPU)RU\TPU\subj\68947
|9 84004
|
| 610 |
1 |
|
|a физическая химия
|
| 610 |
1 |
|
|a химическая технология
|
| 610 |
1 |
|
|a кинетика
|
| 610 |
1 |
|
|a кинетические исследования
|
| 610 |
1 |
|
|a кинетические константы
|
| 610 |
1 |
|
|a кинетические модели
|
| 610 |
1 |
|
|a кинетические процессы
|
| 610 |
1 |
|
|a кинетические реакции
|
| 610 |
1 |
|
|a английский язык
|
| 675 |
|
|
|a 544.42
|v 4
|
| 702 |
|
1 |
|a Bamford
|b C. H.
|4 340
|
| 702 |
|
1 |
|a Tipper
|b C. F. H.
|4 340
|
| 702 |
|
1 |
|a Compton
|b R. G.
|4 340
|
| 801 |
|
1 |
|a RU
|b 63413507
|c 20141113
|
| 801 |
|
2 |
|a RU
|b 63413507
|c 20170126
|g RCR
|
| 942 |
|
|
|c BK
|